00635cam a22001932 4500001001100000005001700011008004100028020001700069040001500086245011900101250001300220260003800233300001700271600004500288650004000333700003100373700003400404852000300438000002357020151217152244.0130228s xx 000 0 eng d a1841136233 : aKABUcKABU10aLuhmann on law and politics :bcritical appraisals and applications /cedited by Michael King and Chris Thornhill. a1st ed. aOxford :bHart Publishing,c2006. avii, 253 p.10aLuhmann, Niklas,d1927-1998.@0000183041 0aLawxPolitical aspects.@00001830421 aKing, Michael.@00001830431 aThornhill, Chris.@00001677451